000 00700cam a22002171 4500
001 ne 64002176
003 DLC
005 20260227111804.0
008 900926s1963 ua 000 0 ararc
010 _ane 64002176
025 _aPL480:UAR-3898
035 _a(OCoLC)22439017
040 _aPrinceton Univ. Libr.
_cWaU
_dWaU
_dDLC
042 _apremarc
050 0 0 _aPN2978
_b.H3
100 1 _aḤamrūsh, Aḥmad.
245 1 0 _aKhams sanawāt fī al-masraḥ,
_cbi-qalam Aḥmad Ḥamrūsh.
260 _a[al-Qāhirah]
_bal-Muʼassasat al-Miṣrīyah al-ʻĀmmah lil-Taʼlīf wa-al-Tarjamah w-al-Ṭibāʻah wa-al-Nashr
_c[1963?]
300 _a239 p.
_c24 cm.
650 0 _aActors
_xCorrespondence.
999 _c47353
_d47353